=LDR 00000nam 2200000 4500 =001 INLIS000000000017330 =005 20130612112529 =008 ***********************************Ind** =035 ##$$0010-061300000017330 =041 ##$$a Ind =082 ##$$a 621.31 =090 ##$$a 621.31, Rij d =100 ##$$a Rijono, You =245 ##$$a Dasar teknik tenaga listrik, You Rijono =260 ##$$a 2004 $b Yogyakarta =300 ##$$a vii, 401 hlm, ilus, 23 cm =650 ##$$a Tenaga Listrik =850 ##$$a NBPNMAT =990 ##$$a 0001/BPAP-NTB/2016